Aktuálne problémy v ochrane lesa '99 : Zborník ref. z celoslov. seminára, Banská Štiavnica, 8. - 9. 4. 1999 /

Saved in:
Bibliographic Details
Main Author: Varínsky, Juraj
Corporate Author: Zborník ref. z celoslov. seminára
Format: Conference Proceeding Book
Language:Slovak
Published: Zvolen : Lesnícky výskumný ústav, 1999
Edition:1. vyd.
Subjects:
ISBN:8088853184
Online Access: Get full text
Tags: Add Tag
No Tags, Be the first to tag this record!

MARC

LEADER 00000nam a2200000 4500
003 SK-BrCVT
005 20220617200050.0
008 990601s1999 xo e ||||||slo d
020 |a 8088853184 
035 |a CVTIDW0949051 
040 |b slo  |a CVTI SR 
041 0 |a slo 
044 |a xo 
080 |a 630:504  |2 UDC-MRF 
100 1 |a Varínsky, Juraj 
111 0 |a Zborník ref. z celoslov. seminára  |n (Banská Štiavnica)  |f 8. - 9. 4. 1999 
245 1 0 |a Aktuálne problémy v ochrane lesa '99 :  |b Zborník ref. z celoslov. seminára, Banská Štiavnica, 8. - 9. 4. 1999 /  |c Autori: Juraj Varínsky a kol. 
250 |a 1. vyd. 
260 |a Zvolen :  |b Lesnícky výskumný ústav,  |c 1999 
300 |a 146 s. :  |b grafy, lit., obr., tab. ; 
653 1 |a poškodzovanie lesného porastu  |a feromónový lapač  |a škodca  |a lykožrút vrcholcový  |a burina 
910 |b A568867 
919 |a 80-88853-18-4 
974 |f Knihy 
992 |a AZN 
999 |c 105794  |d 105794